Vista normal
Vista MARC
Entrada Personal Name
Número de registros utilizados en: 4
001 - CONTROL NUMBER
- control field: 794
003 - CONTROL NUMBER IDENTIFIER
- control field: OSt
005 - DATE AND TIME OF LATEST TRANSACTION
- control field: 20110815110038.0
008 - FIXED-LENGTH DATA ELEMENTS
- fixed length control field: 110815|||a|||||| | ||| d
040 ## - CATALOGING SOURCE
- Original cataloging agency: OSt
- Transcribing agency: OSt
100 ## - HEADING--PERSONAL NAME
- Personal name: Calvo Gómez, Carlos
670 ## - SOURCE DATA FOUND
- Source citation: Work cat.: (OSt): Casos clínicos en Hipertensión Arterial IV, 2000